[Event "GER-ch 87th"]
[Site "Luebeck"]
[Date "2016.10.24"]
[Round "4"]
[White "Liepold, Stefan"]
[Black "Messarius, Juergen"]
[Result "1/2-1/2"]
[WhiteElo "2188"]
[BlackElo "2198"]
[PlyCount "80"]
[EventDate "2016.10.21"]
[EventType "swiss"]
[EventRounds "9"]
[EventCountry "GER"]
[SourceTitle "EXT 2018"]
[Source "ChessBase"]
[SourceDate "2017.10.13"]
[SourceVersion "1"]
[SourceVersionDate "2017.10.13"]
[SourceQuality "1"]

1. e4 e6 2. d4 d5 3. Nc3 Bb4 4. e5 c5 5. dxc5 d4 6. a3 Ba5 7. b4 dxc3 8. bxa5 Qxa5 9. Be3 Ne7 10. Bd3 Nd5 11. Qe2 Nd7 12. Nf3 Nxe3 13. Qxe3 Qxc5 14. Qg5 g6 15. 0-0 b6 16. Be4 Rb8 17. Rfd1 Bb7 18. Bxb7 Rxb7 19. Rd3 0-0 20. Rad1 f6 21. exf6 Qxg5 22. Nxg5 Nxf6 23. Rxc3 Re8 24. Rc6 Rbe7 25. g3 Ng4 26. Re1 e5 27. h3 Nh6 28. Ne4 Rd8 29. g4 Nf7 30. Kg2 Kg7 31. c4 Rd3 32. Re3 Rd4 33. g5 Nd8 34. Rc8 Ne6 35. h4 Rd8 36. Rxd8 Nxd8 37. c5 Ne6 38. cxb6 axb6 39. Rb3 Nf4+ 40. Kg3 Re6 1/2-1/2

[Event "Bayern-ch"]
[Site "Bad Griesbach"]
[Date "2016.08.25"]
[Round "7"]
[White "Reich, Thomas"]
[Black "Liepold, Stefan"]
[Result "1-0"]
[WhiteElo "2365"]
[BlackElo "2236"]
[PlyCount "93"]
[EventDate "2016.08.21"]
[EventType "swiss"]
[EventRounds "9"]
[EventCountry "GER"]
[SourceTitle "EXT 2022"]
[Source "ChessBase"]
[SourceDate "2021.10.06"]
[SourceVersion "1"]
[SourceVersionDate "2021.10.06"]
[SourceQuality "1"]

1. d4 Nf6 2. Bg5 c5 3. d5 Qb6 4. Nc3 Qxb2 5. Bd2 Qb6 6. e4 d6 7. f4 e5 8. fxe5 dxe5 9. Nf3 Bd6 10. Rb1 Qd8 11. Bg5 0-0 12. Nd2 Be7 13. Be3 b6 14. Be2 Ne8 15. 0-0 Bg5 16. Bf2 Nd6 17. Nb5 Bxd2 18. Nxd6 Qxd6 19. Qxd2 f5 20. exf5 Bxf5 21. Bg3 a6 22. Bd3 Bxd3 23. Rxf8+ Kxf8 24. Qxd3 Kg8 25. Qf5 Nd7 26. Qe6+ Qxe6 27. dxe6 Nf8 28. Rxb6 Ng6 29. Bf2 Rc8 30. Rxa6 Kf8 31. a4 Ke7 32. a5 h6 33. Ra7+ Kxe6 34. Rxg7 Nf4 35. a6 Ra8 36. a7 Ne2+ 37. Kf1 Nd4 38. Bxd4 cxd4 39. Ke2 e4 40. Rb7 Kd5 41. g4 Kc4 42. h4 Kc3 43. Rc7+ Kb2 44. g5 hxg5 45. hxg5 Rh8 46. g6 Rh2+ 47. Kf1 1-0